[Event "Eastern Asia-ch U14"]
[Site "Tornelo INT"]
[Date "2021.10.31"]
[Round "8"]
[White "Agnivo, Chakraborty"]
[Black "Jain, Adi"]
[Result "1-0"]
[WhiteElo "1233"]
[BlackElo "1512"]
[PlyCount "43"]
[EventDate "2021.10.29"]
[EventType "swiss"]
[EventRounds "9"]
[EventCountry "NET"]
[SourceTitle "EXT 2023"]
[Source "ChessBase"]
[SourceDate "2022.10.05"]
[SourceVersion "1"]
[SourceVersionDate "2022.10.05"]
[SourceQuality "1"]

1. e4 e5 2. Nf3 Nc6 3. Bc4 Nf6 4. Ng5 d5 5. exd5 Na5 6. Bb5+ c6 7. dxc6 bxc6 8. Qf3 Rb8 9. Bd3 Bd6 10. Nc3 0-0 11. 0-0 h6 12. Nge4 Nxe4 13. Nxe4 f5 14. Nxd6 Qxd6 15. Qg3 Qf6 16. f3 Be6 17. Qf2 Bc4 18. Bxc4+ Nxc4 19. Qc5 Nb6 20. b3 e4 21. Rb1 Qe6 22. Bb2 1-0

[Event "Eastern Asia-ch U14"]
[Site "Tornelo INT"]
[Date "2021.10.30"]
[Round "5"]
[White "Jain, Adi"]
[Black "Akbar T A, Ameen"]
[Result "1-0"]
[WhiteElo "1512"]
[BlackElo "1298"]
[PlyCount "109"]
[EventDate "2021.10.29"]
[EventType "swiss"]
[EventRounds "9"]
[EventCountry "NET"]
[SourceTitle "EXT 2023"]
[Source "ChessBase"]
[SourceDate "2022.10.05"]
[SourceVersion "1"]
[SourceVersionDate "2022.10.05"]
[SourceQuality "1"]

1. Nf3 d5 2. c4 e6 3. g3 Nf6 4. Bg2 c6 5. 0-0 Be7 6. b3 0-0 7. d4 Nbd7 8. Nbd2 h6 9. Bb2 c5 10. cxd5 Nxd5 11. Ne4 cxd4 12. Qxd4 N7f6 13. Rac1 Bd7 14. Ne5 Qb6 15. Nxd7 Qxd4 16. Nexf6+ Nxf6 17. Bxd4 Nxd7 18. Bxb7 Nb6 19. Bxa8 Rxa8 20. Bc5 Bxc5 21. Rxc5 a5 22. Rfc1 Kh7 23. Rb5 Nd5 24. e4 Nf6 25. Rc7 Nxe4 26. Rbb7 Nd6 27. Ra7 Rd8 28. Rd7 Rxd7 29. Rxd7 Nb5 30. Rxf7 Nc3 31. a4 Nb1 32. Ra7 Nd2 33. Rxa5 Nxb3 34. Ra8 Kg6 35. a5 Nd4 36. a6 Nc6 37. Rc8 Na7 38. Rc7 Nb5 39. Rb7 Nd6 40. Rb6 Nc8 41. Rxe6+ Kf5 42. Rc6 Ne7 43. Rc5+ Ke6 44. a7 Kd6 45. Rc1 Nc6 46. a8Q Nd4 47. Qd8+ Ke5 48. Rc5+ Ke4 49. Rc4 g5 50. Qxd4+ Kf5 51. Qd6 h5 52. Rc5+ Kg4 53. Kg2 h4 54. Qf4+ gxf4 55. h3# 1-0

[Event "IND-ch U13 33rd"]
[Site "Visakhapatnam"]
[Date "2019.05.09"]
[Round "8"]
[White "Nikhil, Magizhnan"]
[Black "Jain, Adi"]
[Result "1-0"]
[WhiteElo "2175"]
[BlackElo "1593"]
[PlyCount "114"]
[EventDate "2019.05.04"]
[EventType "swiss"]
[EventRounds "11"]
[EventCountry "IND"]
[SourceTitle "CBM 190 Extra"]
[Source "ChessBase"]
[SourceDate "2019.07.15"]
[SourceVersion "1"]
[SourceVersionDate "2019.07.15"]
[SourceQuality "1"]

1. e4 e5 2. Nf3 Nc6 3. Bc4 Nf6 4. d4 exd4 5. 0-0 Nxe4 6. Re1 d5 7. Bxd5 Qxd5 8. Nc3 Qa5 9. Nxe4 Be6 10. Bd2 Qf5 11. Bg5 h6 12. Nh4 Qa5 13. Qh5 hxg5 14. Qxh8 0-0-0 15. Nf3 g4 16. Neg5 Bb4 17. Qxg7 gxf3 18. Nxe6 fxe6 19. Rxe6 Qc5 20. a3 Bd2 21. Qg4 Kb8 22. Qxf3 Qxc2 23. Qf6 Rc8 24. Qg6 d3 25. Qe4 Qxb2 26. Rf1 Qd4 27. Rd1 Qc3 28. Rf1 Qd4 29. Qf5 Rd8 30. Rb1 Ba5 31. Rxc6 d2 32. Rd1 Qa4 33. Rc2 Re8 34. h3 a6 35. Kh2 Re1 36. Qf8+ Ka7 37. Rdxd2 Bxd2 38. Rxd2 Qa5 39. Qf4 Qxa3 40. Qxc7 Qc1 41. Qxc1 Rxc1 42. g4 b5 43. g5 Rc6 44. Rb2 Kb6 45. f4 a5 46. f5 Rc5 47. Rf2 a4 48. f6 a3 49. f7 Rc8 50. g6 b4 51. g7 b3 52. f8Q a2 53. Qb4+ Ka6 54. Rf6+ Ka7 55. Qa5+ Kb7 56. Rb6+ Kc7 57. Qa7+ Kd8 1-0

[Event "Mumbai Wealth op U13 4th"]
[Site "Mumbai"]
[Date "2019.01.02"]
[Round "4"]
[White "Srivatsan, Karthikeyan"]
[Black "Jain, Adi"]
[Result "0-1"]
[WhiteElo "1288"]
[BlackElo "1545"]
[PlyCount "52"]
[EventDate "2018.12.30"]
[EventType "swiss"]
[EventRounds "9"]
[EventCountry "IND"]
[SourceTitle "CBM 188 Extra"]
[Source "ChessBase"]
[SourceDate "2019.02.26"]
[SourceVersion "1"]
[SourceVersionDate "2019.02.26"]
[SourceQuality "1"]

1. e4 e5 2. Nf3 Nc6 3. Bc4 Nf6 4. Ng5 d5 5. exd5 Na5 6. Bb5+ c6 7. dxc6 bxc6 8. Be2 h6 9. Nf3 e4 10. Ne5 Bd6 11. d4 exd3 12. Nxd3 Qc7 13. h3 c5 14. Bd2 Rb8 15. c4 0-0 16. Qa4 Nc6 17. 0-0 Nd4 18. Qd1 Re8 19. Be3 Nf5 20. Bd2 Ne4 21. Nc3 Bh2+ 22. Kh1 Nxf2+ 23. Rxf2 Ng3+ 24. Kxh2 Nf1+ 25. Kg1 Qh2+ 26. Kxf1 Qh1# 0-1